00903nam a2200241 i 450000100060000000300090000600500170001500700030003200800410003508000460007608000100012210000270013224500910015926000310025030000210028149000480030260000540035065000290040483000560043385200330048999900170052295201220053914010ES-MaACL20250804054931.0t|980901s1967 fr ||||1| fre d a1 Anselmo, Santo, Arzobispo de Canterbury a231.11 aMoreau, Joseph.98321210aPour ou contre l'insensé ? b: essai sur la preuve anselmienne /cpar Joseph Moreau. aParis : bJ. Vrin, c1967. a91 p. ; c20 cm.1 aBibliothèque d'histoire de la philosophie04aAnselmo cSanto, Arzobispo de Canterbury.92183814aDios-xExistencia9119040 aBibliothèque d'histoire de la philosophie9177275 aES-MaACLjL-21253 bR.115738 c14010d14010 00104070aATENEOMbATENEOMcDEPO2d2008-01-17eSCl0oL-21253p1014255r2023-02-23 00:00:00w2023-02-23yMONOGRAFIA